[Event "18.Città di Padova Open A"]
[Site "Padova"]
[Date "2015.12.18"]
[Round "7.24"]
[White "Santolini, Luigi"]
[Black "Kakumanu, Kautil"]
[Result "1-0"]
[WhiteElo "2156"]
[BlackElo "1875"]
[Annotator "Gabriele Ballarin"]
[PlyCount "87"]
[EventDate "2015.12.13"]
[EventType "swiss"]
[EventRounds "9"]
[EventCountry "ITA"]

1. d4 Nf6 2. c4 e6 3. Nc3 Bb4 4. e3 O-O 5. Bd3 d5 6. Nf3 c5 7. O-O Nc6 8. a3 Ba5 9. dxc5 Bxc3 10. bxc3 Qa5 11. cxd5 exd5 12. Qc2 Rd8 13. a4 Qxc5 14. Ng5 h6 15. Bh7+ Kf8 16. Ba3 Qxa3 17. Rxa3 hxg5 18. Bf5 Ne7 19. Bxc8 Raxc8 20. Qb2 Rc7 21. Qb4 Rdd7 22. f3 Rc4 23. Qb1 Rdc7 24. Rd1 g6 25. Rd4 Rxc3 26. Rxc3 Rxc3 27. Qxb7 Rc1+ 28. Kf2 Rc2+ 29. Kf1 Nc6 30. Rd3 Kg7 31. Qb3 Rc1+ 32. Ke2 Na5 33. Qb2 Rc5 34. Qb4 Rc2+ 35. Rd2 Nc6 36. Qb1 Rc4 37. Rc2 Ne5 38. Rxc4 Nxc4 39. Qb5 g4 40. Qa6 Nd7 41. Qxa7 gxf3+ 42. gxf3 Nde5 43. Qd4 f6 44. Qxd5 1-0

[Event "18.Città di Padova Open A"]
[Site "Padova"]
[Date "2015.12.18"]
[Round "7.25"]
[White "Pozzobon, Davide"]
[Black "Parrella, Alfredo"]
[Result "1/2-1/2"]
[WhiteElo "2037"]
[BlackElo "2097"]
[Annotator "Gabriele Ballarin"]
[PlyCount "68"]
[EventDate "2015.12.13"]
[EventType "swiss"]
[EventRounds "9"]
[EventCountry "ITA"]

1. e4 d5 2. exd5 Qxd5 3. Nc3 Qd6 4. Bc4 a6 5. d3 Nf6 6. Nge2 b5 7. Bb3 Bb7 8. f3 Nbd7 9. Be3 Nc5 10. Qd2 e6 11. Bf4 Nxb3 12. axb3 Qd7 13. Be5 Be7 14. Ng3 O-O 15. O-O Ne8 16. Nge4 f6 17. Bf4 c5 18. Qf2 Qc6 19. Rae1 Rc8 20. Nd2 Nc7 21. Qe2 e5 22. Bg3 Rfe8 23. Qe4 Qb6 24. Qg4 Rcd8 25. f4 exf4 26. Bf2 Qc6 27. Nde4 Ne6 28. Bh4 Nd4 29. Rxf4 f5 30. Qh5 g6 31. Qh6 Bf8 32. Qg5 Be7 33. Qh6 Bf8 34. Qg5 Be7 {=} 1/2-1/2

[Event "18.Città di Padova Open A"]
[Site "Padova"]
[Date "2015.12.18"]
[Round "7.26"]
[White "Quaranta, Cristiano"]
[Black "Di Chiara, Mauro"]
[Result "1-0"]
[WhiteElo "2112"]
[BlackElo "1933"]
[Annotator "Gabriele Ballarin"]
[PlyCount "41"]
[EventDate "2015.12.13"]
[EventType "swiss"]
[EventRounds "9"]
[EventCountry "ITA"]

1. e4 c5 2. Nc3 Nc6 3. Bb5 g6 4. Bxc6 dxc6 5. d3 Bg7 6. h3 e5 7. Nf3 Ne7 8. O-O O-O 9. a3 Qd6 10. Be3 f5 11. b4 cxb4 12. axb4 Qxb4 13. Na4 Qd6 14. Nb6 fxe4 15. dxe4 Qxd1 16. Rfxd1 Rb8 17. Rxa7 Bxh3 18. Bc5 Bxg2 19. Kxg2 Nc8 20. Nxc8 Rfxc8 21. Rd7 1-0

[Event "18.Città di Padova Open A"]
[Site "Padova"]
[Date "2015.12.18"]
[Round "7.27"]
[White "Desideri, Alessandro"]
[Black "Loiacono, Leonardo"]
[Result "0-1"]
[WhiteElo "1904"]
[BlackElo "2052"]
[Annotator "Gabriele Ballarin"]
[PlyCount "120"]
[EventDate "2015.12.13"]
[EventType "swiss"]
[EventRounds "9"]
[EventCountry "ITA"]

1. e4 c5 2. Nf3 Nc6 3. d3 g6 4. g3 Bg7 5. Bg2 d6 6. O-O Nf6 7. Re1 O-O 8. c3 Nd7 9. Be3 Rb8 10. Nbd2 Nde5 11. Nxe5 Nxe5 12. Nf1 b5 13. Bf4 c4 14. Bxe5 Bxe5 15. d4 {=} Bg7 16. Ne3 e6 17. Qe2 Qc7 18. f4 Re8 19. e5 dxe5 20. fxe5 Bb7 21. Rf1 Bxg2 22. Kxg2 Red8 23. a3 a5 24. Ng4 b4 25. axb4 axb4 26. Nf6+ Bxf6 27. exf6 bxc3 28. bxc3 h6 29. Qf3 Kh7 30. Rf2 Rb3 31. Rfa2 Rd7 32. Ra7 Rb2+ 33. Kh3 Qxa7 34. Rxa7 Rxa7 35. Qc6 Rb8 36. Qxc4 Rd8 37. Qb4 Rad7 38. g4 Rc8 39. g5 h5 40. Kg3 Rdc7 41. Kf4 Rxc3 42. Qb7 R3c7 43. Qb5 Rd8 44. Ke4 Rcd7 45. Qb4 Kg8 46. Qb6 Rd5 47. h4 R5d7 48. Qc5 Ra8 49. Kf4 Rda7 50. Ke4 Ra1 51. Kf4 Rh1 52. Kg3 Rg1+ 53. Kh3 Rg4 54. d5 exd5 55. Qxd5 Rc8 56. Qe5 Rgc4 57. Kg3 Rc3+ 58. Kf2 Rc2+ 59. Kf3 R8c3+ 60. Kf4 Rf2+ 0-1

[Event "18.Città di Padova Open A"]
[Site "Padova"]
[Date "2015.12.18"]
[Round "7.28"]
[White "Vatkali, Dimitra"]
[Black "Casciello, Dimitri"]
[Result "1-0"]
[WhiteElo "1983"]
[BlackElo "2040"]
[Annotator "Gabriele Ballarin"]
[PlyCount "103"]
[EventDate "2015.12.13"]
[EventType "swiss"]
[EventRounds "9"]
[EventCountry "ITA"]

1. d4 Nf6 2. c4 g6 3. Nc3 Bg7 4. Nf3 O-O 5. Bg5 d6 6. e3 c5 7. d5 h6 8. Bh4 e6 9. Nd2 a6 10. a4 exd5 11. cxd5 Nbd7 12. Be2 Re8 13. O-O Qc7 14. Bg3 Ne5 15. h3 Nh7 16. Qc2 f5 17. Nc4 Nxc4 18. Bxc4 Nf6 19. Rfe1 Nd7 20. Re2 Ne5 21. Ba2 Bd7 22. f4 Nf7 23. Bc4 Re7 24. Qd3 Rae8 25. Nd1 Qc8 26. Ra2 Rf8 27. Be1 Ree8 28. Bc3 Qd8 29. a5 Re4 30. b3 Bc8 31. Bxg7 Kxg7 32. Qc3+ Qf6 33. Bd3 Re7 34. Qxf6+ Kxf6 35. Nb2 Rfe8 36. Kf2 g5 37. Nc4 Bd7 38. Kf3 Bb5 39. g4 fxg4+ 40. hxg4 gxf4 41. exf4 Rxe2 42. Rxe2 Rxe2 43. Kxe2 Bd7 44. Kf3 Ke7 45. Nb6 Be8 46. Bf5 Kd8 47. Be6 Ke7 48. Ke4 Nd8 49. Nc8+ Kf8 50. Nxd6 Nxe6 51. dxe6 Bc6+ 52. Ke5 1-0

[Event "18.Città di Padova Open A"]
[Site "Padova"]
[Date "2015.12.18"]
[Round "7.29"]
[White "Desideri, Leonardo"]
[Black "Loiacono, Antonio"]
[Result "0-1"]
[WhiteElo "1770"]
[BlackElo "2010"]
[Annotator "Gabriele Ballarin"]
[PlyCount "120"]
[EventDate "2015.12.13"]
[EventType "swiss"]
[EventRounds "9"]
[EventCountry "ITA"]

1. e4 c5 2. Nf3 e6 3. d3 Nc6 4. g3 Nf6 5. Bg2 Be7 6. O-O d5 7. Nbd2 O-O 8. e5 Nd7 9. Re1 Qc7 10. Qe2 Re8 11. Nf1 a6 12. Bf4 Nf8 13. h4 Ng6 14. h5 Nxf4 15. gxf4 h6 16. Ng3 Bf8 17. Nh4 Nd4 18. Qd1 Be7 19. Nf3 Nc6 20. Kh1 Bd7 21. Bh3 Qc8 22. Rg1 f5 23. Ne2 Rf8 24. Qf1 Rf7 25. Rg6 Kh8 26. Qg2 Qf8 27. c3 Bd8 28. Rg1 b5 29. d4 c4 30. Ng3 Re7 31. Nh4 Kh7 32. Ngxf5 exf5 33. Bxf5 Bxf5 34. Nxf5 Rc7 35. Nxg7 Qxf4 36. Nf5 Bg5 37. Rf6 Rd8 38. Rxc6 Rxc6 39. Qh3 Rf8 40. Nd6 Qf3+ 41. Qxf3 Rxf3 42. Kg2 Rf8 43. Kg3 Be7 44. Re1 Bxd6 45. exd6 Rxd6 46. Re7+ Kg8 47. f4 Rdf6 48. Re5 Rxf4 49. Rxd5 Rf3+ 50. Kg2 Rf2+ 51. Kg3 Rxb2 52. a4 bxa4 53. Ra5 Rb3 54. Rxa6 Rxc3+ 55. Kg4 Rd3 56. Rxh6 Rxd4+ 57. Kg5 Rd5+ 58. Kg4 Rc5 59. Ra6 c3 60. Rxa4 c2 0-1

[Event "18.Città di Padova Open A"]
[Site "Padova"]
[Date "2015.12.18"]
[Round "7.30"]
[White "Kakumanu, Kunal"]
[Black "Serefidou, Despina"]
[Result "1/2-1/2"]
[WhiteElo "1918"]
[BlackElo "1978"]
[Annotator "Gabriele Ballarin"]
[PlyCount "50"]
[EventDate "2015.12.13"]
[EventType "swiss"]
[EventRounds "9"]
[EventCountry "ITA"]

1. e4 c5 2. Nf3 d6 3. Bb5+ Bd7 4. Bxd7+ Qxd7 5. O-O Nf6 6. Qe2 Nc6 7. c3 e6 8. d4 cxd4 9. cxd4 Be7 10. Nc3 O-O 11. Bf4 Rac8 12. Rad1 a6 13. Rfe1 Rfe8 14. a3 h6 15. d5 exd5 16. Nxd5 Nxd5 17. Rxd5 Qe6 18. Qd2 Rcd8 19. h3 Qf6 20. Nd4 Nxd4 21. Rxd4 Bf8 22. Rd1 Be7 23. Bxd6 Bxd6 24. Rxd6 Rxd6 25. Qxd6 Qxb2 1/2-1/2

[Event "18.Città di Padova Open A"]
[Site "Padova"]
[Date "2015.12.18"]
[Round "7.31"]
[White "Gregori, Giacomo"]
[Black "Roberti, Ignazio"]
[Result "1-0"]
[WhiteElo "2113"]
[BlackElo "1890"]
[Annotator "Gabriele Ballarin"]
[PlyCount "179"]
[EventDate "2015.12.13"]
[EventType "swiss"]
[EventRounds "9"]
[EventCountry "ITA"]

1. c4 Nf6 2. Nf3 e6 3. g3 b6 4. Bg2 Bb7 5. O-O c5 6. Nc3 Be7 7. d4 cxd4 8. Qxd4 Nc6 9. Qf4 O-O 10. Rd1 d6 11. b3 Qb8 12. Bb2 a6 13. Ng5 Ne5 14. Bxb7 Qxb7 15. Nce4 Nxe4 16. Nxe4 Ng6 17. Qf3 Qc7 18. Qc3 f6 19. Rac1 Rac8 20. Qd2 Rfd8 21. Qe3 Ne5 22. Bd4 Rb8 23. Nc3 Kf7 24. Na4 Nd7 25. Qe4 f5 26. Qe3 Bf6 27. Qd3 Nc5 28. Bxc5 dxc5 29. Qf3 Rxd1+ 30. Rxd1 Rd8 31. Rxd8 Qxd8 32. Qb7+ Be7 33. Kg2 Qd2 34. e3 Qxa2 35. Qxb6 Qc2 36. Qb7 Qe4+ 37. Qxe4 fxe4 38. Nc3 Kg6 39. Nxe4 Kf5 40. f3 h5 41. h3 Bf8 42. Kf2 g5 43. g4+ hxg4 44. hxg4+ Kg6 45. Ke2 Be7 46. Kd2 e5 47. Kc2 Kf7 48. Nc3 Bd6 49. Kd3 Ke6 50. Nd5 Kf7 51. Ke4 Ke6 52. Kd3 Kf7 53. Kc2 Ke6 54. Kb2 Kd7 55. Ka3 Kc6 56. Ka4 Kb7 57. Ka5 Ka7 58. Nf6 Kb7 59. Ne8 Bf8 60. Ka4 Kc6 61. Nf6 Be7 62. Ne4 Kb6 63. Nc3 Kc6 64. Ne2 Bd6 65. Ka3 Kd7 66. Kb2 Ke6 67. Kc2 Kd7 68. Kd3 Ke6 69. Ke4 Bc7 70. Nc1 Bb8 71. Nd3 Bd6 72. f4 exf4 73. exf4 gxf4 74. Nxf4+ Kf6 75. Nd3 Ke6 76. g5 Bf8 77. g6 Kd6 78. Nf4 Kc6 79. Ne6 Bh6 80. g7 Bxg7 81. Nxg7 a5 82. Ne6 Kd6 83. Nd8 Kc7 84. Kd5 Kxd8 85. Kxc5 a4 86. bxa4 Kc7 87. a5 Kb7 88. a6+ Kb8 89. Kc6 Ka7 90. c5 1-0

[Event "18.Città di Padova Open A"]
[Site "Padova"]
[Date "2015.12.18"]
[Round "7.34"]
[White "Favero, Graziano"]
[Black "Iasman, Inna"]
[Result "0-1"]
[WhiteElo "1836"]
[BlackElo "1843"]
[Annotator "Gabriele Ballarin"]
[PlyCount "79"]
[EventDate "2015.12.13"]
[EventType "swiss"]
[EventRounds "9"]
[EventCountry "ITA"]

1. e4 c6 2. d4 d5 3. exd5 cxd5 4. c4 Nf6 5. Nc3 e6 6. Bg5 Be7 7. c5 O-O 8. Nf3 Nc6 9. Bb5 Bd7 10. Bxc6 Bxc6 11. b4 h6 12. Bd2 Ne4 13. a4 a6 14. O-O Bf6 15. Ne5 Bxe5 16. dxe5 d4 17. Nxe4 Bxe4 18. Qg4 Bf5 19. Qg3 Kh7 20. Qf3 Qd7 21. Ra3 Rfd8 22. g4 Bc2 23. Re1 Bxa4 24. g5 Bc6 25. Qh3 Qd5 26. f3 d3 27. Re4 a5 28. Qh5 Rf8 29. gxh6 g6 30. Qh4 Qd8 31. Bg5 d2 32. Bxd2 Bxe4 33. Bg5 Qd1+ 34. Kf2 Bc6 35. Bf4 Qc2+ 36. Kg3 Qf5 37. Rd3 g5 38. Bxg5 Rg8 39. f4 Qxd3+ 40. Kf2 0-1

[Event "18.Città di Padova Open A"]
[Site "Padova"]
[Date "2015.12.19"]
[Round "8.1"]
[White "Zhigalko, Andrey"]
[Black "Enchev, Ivajlo"]
[Result "1/2-1/2"]
[WhiteElo "2585"]
[BlackElo "2452"]
[Annotator "Gabriele Ballarin"]
[PlyCount "90"]
[EventDate "2015.12.13"]
[EventType "swiss"]
[EventRounds "9"]
[EventCountry "ITA"]
[SourceTitle "The Week in Chess 1102"]
[Source "Mark Crowther"]
[SourceDate "2015.12.21"]
[SourceVersion "1"]
[SourceVersionDate "2015.12.21"]
[SourceQuality "2"]

1. e4 d5 2. exd5 Qxd5 3. Nc3 Qd6 4. d4 Nf6 5. Nf3 g6 6. Bc4 Bg7 7. O-O O-O 8. h3 a6 9. a4 Nc6 10. b3 Ne8 11. Ba3 Qd8 12. Re1 Nd6 13. Bd5 Bd7 14. Ne5 Nf5 15. Bxc6 Bxc6 16. d5 Bd7 17. Qf3 Nd6 18. Re2 e6 19. Rae1 Bc8 20. Nc4 Qf6 21. Qxf6 Bxf6 22. Ne5 Rd8 23. Bb2 Bg7 24. g4 b6 25. a5 Bb7 26. dxe6 fxe6 27. Nd3 Nf7 28. Ne4 Bxe4 29. Rxe4 Ng5 30. R4e3 Rxd3 31. Rxd3 Bxb2 32. axb6 cxb6 33. f4 Nf7 34. Rxe6 Ba3 35. Kg2 Bc5 36. c3 a5 37. b4 axb4 38. cxb4 Bxb4 39. Rxb6 Bc5 40. Rc6 Bf8 41. Rd7 Rd8 42. Rcc7 Rxd7 43. Rxd7 Bd6 44. f5 gxf5 45. gxf5 Kg7 1/2-1/2

[Event "18.Città di Padova Open A"]
[Site "Padova"]
[Date "2015.12.19"]
[Round "8.2"]
[White "David, Alberto"]
[Black "Georgiev, Kiril"]
[Result "1-0"]
[WhiteElo "2585"]
[BlackElo "2627"]
[Annotator "Gabriele Ballarin"]
[PlyCount "47"]
[EventDate "2015.12.13"]
[EventType "swiss"]
[EventRounds "9"]
[EventCountry "ITA"]
[SourceTitle "The Week in Chess 1102"]
[Source "Mark Crowther"]
[SourceDate "2015.12.21"]
[SourceVersion "1"]
[SourceVersionDate "2015.12.21"]
[SourceQuality "2"]

1. e4 c5 2. Nf3 d6 3. Bb5+ Bd7 4. c4 Bxb5 5. cxb5 Nf6 6. Nc3 g6 7. d4 cxd4 8. Nxd4 Bg7 9. O-O O-O 10. Qe2 Nbd7 11. Rd1 Rc8 12. Be3 Re8 13. Rac1 Rc7 14. a4 Qb8 15. a5 Rec8 16. a6 Nxe4 17. Nd5 Rxc1 18. Bxc1 Bxd4 19. Nxe7+ Kg7 20. Qxe4 Rc4 21. Be3 Bxe3 22. Qxc4 Bc5 23. Qc3+ f6 24. b4 1-0

[Event "18.Città di Padova Open A"]
[Site "Padova"]
[Date "2015.12.19"]
[Round "8.3"]
[White "Maiorov, Nikita"]
[Black "Danin, Alexandre"]
[Result "1/2-1/2"]
[WhiteElo "2566"]
[BlackElo "2569"]
[Annotator "Gabriele Ballarin"]
[PlyCount "67"]
[EventDate "2015.12.13"]
[EventType "swiss"]
[EventRounds "9"]
[EventCountry "ITA"]
[SourceTitle "The Week in Chess 1102"]
[Source "Mark Crowther"]
[SourceDate "2015.12.21"]
[SourceVersion "1"]
[SourceVersionDate "2015.12.21"]
[SourceQuality "2"]

1. d4 Nf6 2. c4 g6 3. Nf3 Bg7 4. g3 d5 5. Bg2 c6 6. Nbd2 O-O 7. O-O Bf5 8. b3 a5 9. e3 a4 10. Ba3 Ne4 11. Nxe4 Bxe4 12. Qe2 Re8 13. Rfd1 e6 14. Bf1 Bxf3 15. Qxf3 axb3 16. axb3 Nd7 17. Qe2 Qb6 18. Qc2 Bf8 19. Bb2 Bg7 20. Bc3 Rec8 21. Ra4 Qc7 22. Qa2 Rxa4 23. bxa4 dxc4 24. Qxc4 c5 25. a5 cxd4 26. Qxc7 Rxc7 27. Bxd4 Bxd4 28. exd4 Nf6 29. Bg2 Ne8 30. d5 exd5 31. Rxd5 Rc1+ 32. Bf1 Ra1 33. Kg2 Kf8 34. Rd7 1/2-1/2

[Event "18.Città di Padova Open A"]
[Site "Padova"]
[Date "2015.12.19"]
[Round "8.4"]
[White "Vovk, Yuri"]
[Black "Valsecchi, Alessio"]
[Result "1-0"]
[WhiteElo "2626"]
[BlackElo "2466"]
[Annotator "Gabriele Ballarin"]
[PlyCount "75"]
[EventDate "2015.12.13"]
[EventType "swiss"]
[EventRounds "9"]
[EventCountry "ITA"]
[SourceTitle "The Week in Chess 1102"]
[Source "Mark Crowther"]
[SourceDate "2015.12.21"]
[SourceVersion "1"]
[SourceVersionDate "2015.12.21"]
[SourceQuality "2"]

1. e4 c5 2. Nf3 e6 3. d4 cxd4 4. Nxd4 Nf6 5. Nc3 d6 6. g4 h6 7. h4 Nc6 8. g5 hxg5 9. Bxg5 Be7 10. Qd2 Nxd4 11. Qxd4 Bd7 12. O-O-O Qb6 13. Qd2 Bc6 14. Rg1 Rc8 15. Bg2 Qc7 16. Qd3 Kf8 17. Kb1 a6 18. f4 d5 19. exd5 exd5 20. Qg3 Rh7 21. Bf3 Rd8 22. Ne2 Ne4 23. Bxe4 dxe4 24. Nd4 Rxd4 25. Rxd4 f6 26. Qg4 fxg5 27. fxg5 g6 28. Qe6 Rxh4 29. Rf1+ Rf4 30. Rh1 Kg7 31. Qh3 Be8 32. c3 Kf7 33. Qh8 Qc5 34. Rh7+ Ke6 35. Qxe8 Rf1+ 36. Kc2 Rf2+ 37. Kd1 Qxg5 38. Qd7+ 1-0

[Event "18.Città di Padova Open A"]
[Site "Padova"]
[Date "2015.12.19"]
[Round "8.5"]
[White "Codenotti, Marco"]
[Black "Nikolov, Momchil"]
[Result "0-1"]
[WhiteElo "2405"]
[BlackElo "2548"]
[Annotator "Gabriele Ballarin"]
[PlyCount "44"]
[EventDate "2015.12.13"]
[EventType "swiss"]
[EventRounds "9"]
[EventCountry "ITA"]
[SourceTitle "The Week in Chess 1102"]
[Source "Mark Crowther"]
[SourceDate "2015.12.21"]
[SourceVersion "1"]
[SourceVersionDate "2015.12.21"]
[SourceQuality "2"]

1. e4 c5 2. Nf3 Nc6 3. c3 d5 4. exd5 Qxd5 5. d4 Bg4 6. Be2 cxd4 7. cxd4 e6 8. Nc3 Bb4 9. O-O Qa5 10. h3 Bxf3 11. Bxf3 Nge7 12. Bd2 O-O 13. a3 Bxc3 14. bxc3 Rfd8 15. Rb1 Rd7 16. a4 Qc7 17. Bg5 Nd5 18. Qd3 Na5 19. Rfc1 Nc4 20. a5 h6 21. Bh4 Rc8 22. Rb5 Qf4 0-1

[Event "18.Città di Padova Open A"]
[Site "Padova"]
[Date "2015.12.19"]
[Round "8.6"]
[White "Strikovic, Aleksandr"]
[Black "Solomon, Kenny"]
[Result "1-0"]
[WhiteElo "2505"]
[BlackElo "2215"]
[Annotator "Gabriele Ballarin"]
[PlyCount "93"]
[EventDate "2015.12.13"]
[EventType "swiss"]
[EventRounds "9"]
[EventCountry "ITA"]
[SourceTitle "The Week in Chess 1102"]
[Source "Mark Crowther"]
[SourceDate "2015.12.21"]
[SourceVersion "1"]
[SourceVersionDate "2015.12.21"]
[SourceQuality "2"]

1. c4 Nf6 2. Nc3 e5 3. g3 d5 4. cxd5 Nxd5 5. Bg2 Nb6 6. Nf3 Nc6 7. d3 Be7 8. O-O O-O 9. a3 Re8 10. b4 Bf8 11. Bb2 Bg4 12. h3 Bh5 13. Rc1 f6 14. Nd2 Rb8 15. Nb3 Nd4 16. Na5 c6 17. g4 Bf7 18. e3 Ne6 19. Ne4 Nd5 20. Qf3 c5 21. Nxf6+ Nxf6 22. Bxe5 Qxd3 23. Bxb8 Rxb8 24. Nxb7 cxb4 25. axb4 Bxb4 26. g5 Ne8 27. Rfd1 Qb5 28. h4 a5 29. Rb1 Qe5 30. Rd7 Bg6 31. Rbd1 Nxg5 32. hxg5 Qxg5 33. Qc6 h5 34. Nd8 Kh7 35. Ne6 Qb5 36. Qf3 Qf5 37. Qg3 Rb5 38. Bh3 Qf6 39. f4 Kg8 40. Ng5 Rb6 41. f5 Rb5 42. Ne4 Qe5 43. fxg6 Qxe4 44. Bg2 Qe5 45. Qxe5 Rxe5 46. Bd5+ Kh8 47. Bf7 1-0

[Event "18.Città di Padova Open A"]
[Site "Padova"]
[Date "2015.12.19"]
[Round "8.7"]
[White "Godena, Michele"]
[Black "Mrdja, Milan"]
[Result "1/2-1/2"]
[WhiteElo "2499"]
[BlackElo "2365"]
[Annotator "Gabriele Ballarin"]
[PlyCount "88"]
[EventDate "2015.12.13"]
[EventType "swiss"]
[EventRounds "9"]
[EventCountry "ITA"]
[SourceTitle "The Week in Chess 1102"]
[Source "Mark Crowther"]
[SourceDate "2015.12.21"]
[SourceVersion "1"]
[SourceVersionDate "2015.12.21"]
[SourceQuality "2"]

1. e4 g6 2. d4 Bg7 3. Nf3 d6 4. Bc4 Nf6 5. Qe2 c6 6. Bb3 O-O 7. O-O d5 8. e5 Ne8 9. Re1 Nc7 10. Nbd2 Nd7 11. Nf1 f6 12. exf6 exf6 13. Bf4 Nb6 14. Rad1 Bd7 15. Ne3 Re8 16. Qd3 Be6 17. h3 Qd7 18. c3 Bf7 19. Bc2 Nc4 20. Nxc4 dxc4 21. Qd2 Bd5 22. Nh2 Re6 23. Ng4 Rae8 24. Ne3 R6e7 25. Bxc7 Qxc7 26. Nxd5 cxd5 27. Ba4 Rb8 28. Rxe7 Qxe7 29. Re1 Qd6 30. Bd1 Kf7 31. Qe3 Bf8 32. Bf3 Rd8 33. g3 b5 34. h4 h5 35. g4 hxg4 36. Bxg4 f5 37. Bf3 Qe7 38. Qe5 Qxe5 39. Rxe5 Re8 40. Rxe8 Kxe8 41. Bxd5 Ke7 42. Kf1 Bh6 43. Ke2 Bc1 44. b3 Bb2 1/2-1/2

[Event "18.Città di Padova Open A"]
[Site "Padova"]
[Date "2015.12.19"]
[Round "8.8"]
[White "Brunello, Marina"]
[Black "Zaja, Ivan"]
[Result "1/2-1/2"]
[WhiteElo "2342"]
[BlackElo "2481"]
[Annotator "Gabriele Ballarin"]
[PlyCount "89"]
[EventDate "2015.12.13"]
[EventType "swiss"]
[EventRounds "9"]
[EventCountry "ITA"]
[SourceTitle "The Week in Chess 1102"]
[Source "Mark Crowther"]
[SourceDate "2015.12.21"]
[SourceVersion "1"]
[SourceVersionDate "2015.12.21"]
[SourceQuality "2"]

1. e4 e5 2. Nf3 Nc6 3. Bc4 Bc5 4. d3 Nf6 5. O-O a6 6. c3 Ba7 7. Bb3 d6 8. h3 Ne7 9. Be3 c5 10. Nbd2 Ng6 11. Re1 O-O 12. d4 b5 13. d5 c4 14. Bc2 Bxe3 15. fxe3 Nd7 16. Qe2 Qc7 17. Rf1 Nc5 18. Nh2 a5 19. a3 Rb8 20. Rf2 Ba6 21. Ndf1 b4 22. axb4 axb4 23. Ng3 bxc3 24. bxc3 Rb2 25. Qh5 Bc8 26. Ng4 Nd3 27. Bxd3 Rxf2 28. Nxf2 cxd3 29. Nxd3 Qxc3 30. Rd1 Ba6 31. Qe2 Ne7 32. Qd2 Rc8 33. Ne1 Qa3 34. Rb1 g6 35. Qf2 Kg7 36. Nf3 Rc1+ 37. Rxc1 Qxc1+ 38. Kh2 h6 39. Qa2 Bd3 40. Qa7 Ng8 41. Qb8 Qc5 42. Nh4 Kh7 43. Qb7 Kg7 44. Qb8 Kh7 45. Qb7 1/2-1/2

[Event "18.Città di Padova Open A"]
[Site "Padova"]
[Date "2015.12.19"]
[Round "8.9"]
[White "Kovacevic, Blazimir"]
[Black "Lanzani, Mario"]
[Result "1-0"]
[WhiteElo "2480"]
[BlackElo "2308"]
[Annotator "Gabriele Ballarin"]
[PlyCount "109"]
[EventDate "2015.12.13"]
[EventType "swiss"]
[EventRounds "9"]
[EventCountry "ITA"]
[SourceTitle "The Week in Chess 1102"]
[Source "Mark Crowther"]
[SourceDate "2015.12.21"]
[SourceVersion "1"]
[SourceVersionDate "2015.12.21"]
[SourceQuality "2"]

1. c4 e5 2. g3 Nf6 3. Bg2 c6 4. Nf3 e4 5. Nd4 d5 6. cxd5 cxd5 7. d3 Qb6 8. Nb3 Bb4+ 9. Nc3 O-O 10. O-O Bxc3 11. bxc3 Bf5 12. Be3 Qa6 13. dxe4 dxe4 14. Nd4 Bg6 15. Qb3 Nbd7 16. Qb5 Qxb5 17. Nxb5 Nd5 18. Bd4 f5 19. Rfd1 N7f6 20. c4 Nb6 21. Nd6 Ne8 22. Nxb7 Nxc4 23. Rac1 Rf7 24. Nc5 Ncd6 25. Ne6 Rb7 26. Bc5 Rc8 27. Bd4 Rxc1 28. Rxc1 Re7 29. Nd8 Rd7 30. Nc6 Rc7 31. Bxa7 Bf7 32. Bb8 Rb7 33. Bxd6 Nxd6 34. Rd1 Ne8 35. a3 g6 36. f3 Rb3 37. Ra1 Nd6 38. fxe4 Nxe4 39. Nd4 Rb2 40. Bxe4 fxe4 41. Kf2 Bd5 42. a4 Kf7 43. a5 Kf6 44. a6 Ke5 45. Ra4 Rb6 46. a7 Ba8 47. Ke3 h6 48. Ra5+ Kf6 49. h4 h5 50. Kf2 Rd6 51. Nb3 Rb6 52. Nc5 Rb2 53. Nxe4+ Kg7 54. Nc3 Rb3 55. Nd5 1-0

[Event "18.Città di Padova Open A"]
[Site "Padova"]
[Date "2015.12.19"]
[Round "8.10"]
[White "Sonis, Francesco"]
[Black "Swayams, Mishra"]
[Result "1/2-1/2"]
[WhiteElo "2317"]
[BlackElo "2477"]
[Annotator "Gabriele Ballarin"]
[PlyCount "91"]
[EventDate "2015.12.13"]
[EventType "swiss"]
[EventRounds "9"]
[EventCountry "ITA"]
[SourceTitle "The Week in Chess 1102"]
[Source "Mark Crowther"]
[SourceDate "2015.12.21"]
[SourceVersion "1"]
[SourceVersionDate "2015.12.21"]
[SourceQuality "2"]

1. Nf3 Nf6 2. c4 b6 3. g3 Bb7 4. Bg2 e6 5. O-O Be7 6. Nc3 O-O 7. Re1 d5 8. cxd5 exd5 9. d4 c5 10. Bf4 Na6 11. dxc5 Nxc5 12. Nd4 Nfe4 13. Rc1 Nxc3 14. Rxc3 Bf6 15. b4 Ne6 16. Nxe6 fxe6 17. Rc7 Rf7 18. Rxf7 Kxf7 19. e4 dxe4 20. Qh5+ Kg8 21. Bxe4 Bxe4 22. Rxe4 Qd5 23. Qe2 Kf7 24. Be5 Rd8 25. Rd4 Qxd4 26. Bxd4 Bxd4 27. Qc2 Rd5 28. Kg2 a5 29. a3 axb4 30. axb4 h5 31. f4 b5 32. Kf3 Bf6 33. h3 Be7 34. Qe4 Bf6 35. g4 hxg4+ 36. hxg4 g6 37. g5 Bxg5 38. fxg5 Rxg5 39. Qb7+ Kf6 40. Qb8 Rf5+ 41. Ke4 Kf7 42. Qc7+ Kf6 43. Qd8+ Kf7 44. Qd7+ Kf6 45. Qe8 Re5+ 46. Kf4 1/2-1/2

[Event "18.Città di Padova Open A"]
[Site "Padova"]
[Date "2015.12.19"]
[Round "8.11"]
[White "Aghayev, Miragha"]
[Black "Zelcic, Robert"]
[Result "0-1"]
[WhiteElo "2367"]
[BlackElo "2520"]
[Annotator "Gabriele Ballarin"]
[PlyCount "72"]
[EventDate "2015.12.13"]
[EventType "swiss"]
[EventRounds "9"]
[EventCountry "ITA"]
[SourceTitle "The Week in Chess 1102"]
[Source "Mark Crowther"]
[SourceDate "2015.12.21"]
[SourceVersion "1"]
[SourceVersionDate "2015.12.21"]
[SourceQuality "2"]

1. e4 c6 2. c4 d5 3. exd5 cxd5 4. cxd5 Nf6 5. Nc3 Nxd5 6. Nf3 Nxc3 7. bxc3 Qc7 8. d4 Nd7 9. Qb3 e6 10. Bd3 Bd6 11. a4 b6 12. Be4 Rb8 13. O-O Ba6 14. Re1 Nf6 15. Bb1 Rc8 16. Bd2 Bc4 17. Qc2 Bd5 18. Ne5 Bxe5 19. Rxe5 Ng4 20. Rh5 f5 21. Rh3 O-O 22. Qc1 Qb7 23. f3 Nf6 24. Qe1 Qf7 25. Qe5 Rc6 26. g4 fxg4 27. fxg4 h5 28. gxh5 Ng4 29. Qe2 Qf2+ 30. Qxf2 Rxf2 31. Rg3 Rxh2 32. Rxg4 Rxd2 33. h6 Rxc3 34. Rxg7+ Kf8 35. Bg6 Rg3+ 36. Kf1 Bc4+ 0-1

[Event "18.Città di Padova Open A"]
[Site "Padova"]
[Date "2015.12.19"]
[Round "8.12"]
[White "Lazic, Miroljub"]
[Black "Rossi, Carlo"]
[Result "1-0"]
[WhiteElo "2466"]
[BlackElo "2284"]
[Annotator "Gabriele Ballarin"]
[PlyCount "69"]
[EventDate "2015.12.13"]
[EventType "swiss"]
[EventRounds "9"]
[EventCountry "ITA"]
[SourceTitle "The Week in Chess 1102"]
[Source "Mark Crowther"]
[SourceDate "2015.12.21"]
[SourceVersion "1"]
[SourceVersionDate "2015.12.21"]
[SourceQuality "2"]

1. g3 f5 2. Bg2 Nf6 3. c4 g6 4. Nc3 Bg7 5. e3 O-O 6. Nge2 e5 7. O-O Kh8 8. d3 d6 9. Qd2 Nc6 10. b3 g5 11. f4 exf4 12. exf4 g4 13. d4 Ne7 14. d5 h5 15. Bb2 h4 16. Rfe1 Nh5 17. Rad1 a6 18. Qe3 Ng6 19. Nd4 Bxd4 20. Qxd4+ Kh7 21. Ne2 Bd7 22. Qd3 Qb8 23. Nd4 Qa7 24. Kf1 Rae8 25. Rxe8 Rxe8 26. Ne6 Bxe6 27. dxe6 hxg3 28. Bd4 c5 29. Qxf5 cxd4 30. Qxh5+ Kg7 31. f5 Rxe6 32. fxe6 d3 33. c5 d5 34. Qxd5 Kh6 35. hxg3 1-0